Skład Interu Mediolan vs FC Barcelona w półfinale LM 2024/25 - Statystyki

Ogólne statystyki
  • Ten quiz został rozwiązany 196 razy
  • Średni wynik to 8 z 11
Statystyki odpowiedzi
Numer Pozycja Zawodnik % Poprawnych
10 Napastnik Lautaro Martinez
96%
1 Bramkarz Yann Sommer
95%
9 Napastnik Marcus Thuram
89%
95 Środkowy obrońca Alessandro Bastoni
86%
15 Środkowy obrońca Francesco Acerbi
79%
23 Środkowy pomocnik Nicolo Barella
79%
2 Prawy pomocnik Denzel Dumfries
77%
32 Lewy pomocnik Federico Dimarco
77%
20 Środkowy pomocnik Hakan Çalhanoğlu
71%
31 Środkowy obrońca Yann Bisseck
48%
22 Środkowy pomocnik Henrikh Mkhitaryan
40%
Nie znaleziono quizów pasujących do podanych kryteriów
Rozkład punktacji
Procent ludzi z każdym wynikiem
Percentyl według liczby udzielonych odpowiedzi
Twoja historia wyników
Nie rozwiązałeś tego quizu